000 00478nam a22001577a 4500
999 _c9081
_d9081
003 GBCCL
005 20241126110704.0
008 220405b ||||| |||| 00| 0 eng d
040 _cgbc
082 _aARCH GBC-2020
_bHAT
100 _aHatzaw, Kham Khual
_915842
245 _aA theological study on the concept of kingdom of God and its ethical implications for Lamka Christians
260 _aNew Lamka:
_bGrace Bible College,
_c 2020
300 _avii, 58p. ;
942 _2ddc
_cTH